[Event "Nimzo Indian Samisch"]
[Site "SchemingMind.com"]
[Date "2008.05.30"]
[Round "-"]
[White "keen"]
[Black "schakert"]
[Result "0-1"]
[WhiteCountry "SCO"]
[BlackCountry "NED"]
[WhiteElo "1796"]
[WhiteRD "57"]
[BlackElo "1798"]
[BlackRD "71"]
[GameID "157053"]

1. d4 Nf6 2. c4 e6 3. Nc3 Bb4 4. a3 Bxc3+ 5. bxc3 d5 6. Bg5 c6 7. Nf3 Qa5 8. Bxf6 Qxc3+ 9. Nd2 gxf6 10. e3 Qa5
11. Bd3 e5 12. cxd5 cxd5 13. O-O e4 14. Be2 Rg8 15. Nb3 Qc7 16. Rc1 Nc6 17. Re1 h5 18. Nc5 h4 19. Nxe4 dxe4 20. d5 Bh3
21. Bf1 Bxg2 22. dxc6 Bf3+
0-1

[Event "Nimzo Indian Samisch"]
[Site "SchemingMind.com"]
[Date "2008.05.31"]
[Round "-"]
[White "keen"]
[Black "TRFz"]
[Result "0-1"]
[WhiteCountry "SCO"]
[BlackCountry "GBR"]
[WhiteElo "1771"]
[WhiteRD "55"]
[BlackElo "2167"]
[BlackRD "55"]
[GameID "157054"]

1. d4 Nf6 2. c4 e6 3. Nc3 Bb4 4. a3 Bxc3+ 5. bxc3 c5 6. Nf3 d5 7. Bg5 Qa5 8. Bd2 O-O 9. e3 Nc6 10. cxd5 exd5
11. c4 Qd8 12. Bd3 dxc4 13. Bxc4 cxd4 14. O-O Bg4 15. Be2 d3
0-1

[Event "Nimzo Indian Samisch"]
[Site "SchemingMind.com"]
[Date "2008.06.04"]
[Round "-"]
[White "keen"]
[Black "Carl Lenox"]
[Result "1-0"]
[WhiteCountry "SCO"]
[BlackCountry "CAN"]
[WhiteElo "1796"]
[WhiteRD "57"]
[BlackElo "1260"]
[BlackRD "61"]
[GameID "157055"]

1. d4 Nf6 2. c4 e6 3. Nc3 Bb4 4. a3 Ba5 5. b4 Bb6 6. c5 Nc6 7. cxb6 cxb6 8. Nf3 d5 9. Bg5 O-O 10. e3 Qc7
11. Bd3 Ne8 12. Bf4 Qd7 13. Ng5 f6 14. Bxh7+ Kh8 15. Qh5 e5 16. Bg6+ Kg8 17. Qh7#
1-0

[Event "Nimzo Indian Samisch"]
[Site "SchemingMind.com"]
[Date "2008.06.01"]
[Round "-"]
[White "Shaka"]
[Black "keen"]
[Result "1-0"]
[WhiteCountry "VEN"]
[BlackCountry "SCO"]
[WhiteElo "1727"]
[WhiteRD "81"]
[BlackElo "1786"]
[BlackRD "56"]
[GameID "157056"]

1. d4 Nf6 2. c4 e6 3. Nc3 Bb4 4. a3 Bxc3+ 5. bxc3 c5 6. f3 Nc6 7. e4 d5 8. e5 Nd7 9. cxd5 exd5 10. Bb5 cxd4
11. Bxc6 bxc6 12. cxd4 O-O 13. Ne2 Re8 14. O-O Ba6 15. Qc2 Qh4 16. Be3 Nb6 17. Bf2 Qh6 18. Rfe1 Re6 19. Ng3 g6 20. Ne2 Nc4
21. Nc1 Qg5 22. Nb3 Rb8 23. Nc5 Rb2 24. Qa4 Qd2 25. Rf1 Ne3 26. Qxa6 Re8 27. Qxc6 Reb8 28. Nd7 Rc2 29. Nf6+ Kg7 30. Nh5+ Kg8
31. Qf6 gxh5 32. Qg5+ Kh8 33. Bxe3 Qd3 34. Qf6+ Kg8 35. Bh6 Qg6 36. Qxg6+ hxg6 37. Rab1 Rbc8 38. Rfc1 Kh7 39. Bg5
1-0

[Event "Nimzo Indian Samisch"]
[Site "SchemingMind.com"]
[Date "2008.05.31"]
[Round "-"]
[White "lacus66"]
[Black "keen"]
[Result "1/2-1/2"]
[WhiteCountry "HUN"]
[BlackCountry "SCO"]
[WhiteElo "1674"]
[WhiteRD "72"]
[BlackElo "1796"]
[BlackRD "57"]
[GameID "157057"]

1. d4 Nf6 2. c4 e6 3. Nc3 Bb4 4. a3 Bxc3+ 5. bxc3 c5 6. Nf3 O-O 7. Bg5 Qa5 8. Qc2 Ne4 9. Bd2 Nxd2 10. Nxd2 d5
11. Nb3 Qa4 12. Qb2 Nd7 13. cxd5 exd5 14. Nxc5 Nxc5 15. dxc5 Qa5 16. Qb4 Qc7 17. e3 a5 18. Qd4 Be6 19. Bb5 Rac8 20. Bd3 Qxc5
21. Qxc5 Rxc5 22. Kd2 Rfc8 23. Rhc1 g6 24. f4 b5 25. h3 Kg7 26. g4 Bd7 27. Rc2 Kf6 28. Rac1 Ke7 29. Ke2 Kd6 30. Kf3 Bc6
31. Ke2 Bd7 32. Kd2=
1/2-1/2

[Event "Nimzo Indian Samisch"]
[Site "SchemingMind.com"]
[Date "2008.05.30"]
[Round "-"]
[White "aston294"]
[Black "keen"]
[Result "0-1"]
[WhiteCountry "ENG"]
[BlackCountry "SCO"]
[WhiteElo "1122"]
[WhiteRD "73"]
[BlackElo "1796"]
[BlackRD "57"]
[GameID "157058"]

1. d4 Nf6 2. c4 e6 3. Nc3 Bb4 4. a3 Bxc3+ 5. bxc3 c5 6. dxc5 Qa5 7. Qd6 Qxc3+ 8. Kd1 Qxa1 9. Nf3 Ne4 10. Qd3 Nxf2+
11. Ke1 Nxd3+ 12. Kd2 Nxc1
0-1

[Event "Nimzo Indian Samisch"]
[Site "SchemingMind.com"]
[Date "2008.05.30"]
[Round "-"]
[White "schakert"]
[Black "keen"]
[Result "0-1"]
[WhiteCountry "NED"]
[BlackCountry "SCO"]
[WhiteElo "1798"]
[WhiteRD "71"]
[BlackElo "1796"]
[BlackRD "57"]
[GameID "157059"]

1. d4 Nf6 2. c4 e6 3. Nc3 Bb4 4. a3 Bxc3+ 5. bxc3 c5 6. Bg5 Qa5 7. Qc2 Ne4 8. Bd2 Nxd2 9. Qxd2 cxd4 10. cxd4 Qxd2+
11. Kxd2 Nc6 12. e3 O-O 13. Bd3 b6 14. Nf3 Bb7 15. e4 Rac8 16. d5 Na5
0-1

[Event "Nimzo Indian Samisch"]
[Site "SchemingMind.com"]
[Date "2008.06.03"]
[Round "-"]
[White "TRFz"]
[Black "keen"]
[Result "1-0"]
[WhiteCountry "GBR"]
[BlackCountry "SCO"]
[WhiteElo "2202"]
[WhiteRD "56"]
[BlackElo "1778"]
[BlackRD "57"]
[GameID "157060"]

1. d4 Nf6 2. c4 e6 3. Nc3 Bb4 4. a3 Bxc3+ 5. bxc3 c5 6. f3 Nc6 7. e4 d5 8. e5 O-O 9. exf6 Qxf6 10. cxd5 exd5
11. Ne2 Re8 12. Kf2 cxd4 13. Nxd4 Nxd4 14. Qxd4 Qd6 15. Bd3 Bd7 16. Bf4 Qc6 17. Rab1 Rad8 18. Rhe1 Rxe1 19. Rxe1 Be6 20. Be5
1-0

[Event "Nimzo Indian Samisch"]
[Site "SchemingMind.com"]
[Date "2008.06.04"]
[Round "-"]
[White "Carl Lenox"]
[Black "keen"]
[Result "0-1"]
[WhiteCountry "CAN"]
[BlackCountry "SCO"]
[WhiteElo "1235"]
[WhiteRD "56"]
[BlackElo "1778"]
[BlackRD "57"]
[GameID "157061"]

1. d4 Nf6 2. c4 e6 3. Nc3 Bb4 4. a3 Bxc3+ 5. bxc3 c5 6. Nf3 O-O 7. e3 Qa5 8. Bd2 d5 9. Ng5 h6 10. Nf3 Nc6
11. Bd3 dxc4 12. Be2 Ne4 13. Qc1 Nxd2 14. Qxd2 cxd4 15. O-O d3 16. Bd1 e5 17. e4 f5 18. Nh4 fxe4 19. Bh5 Ne7 20. Rfe1 Bf5
21. Qb2 Qd5 22. Qb4 Nc8 23. Rad1 Nd6 24. Qa5 Qxa5 25. Ra1 Qxc3 26. Rec1 Qd4 27. a4 Be6 28. Ng6 Qxf2+ 29. Kh1 Rf7 30. Nxe5 Rf5
31. Ng4 Qf4 32. Rab1 Rxh5 33. g3 Qxg4
0-1